प्लातेलेट्स की कमी: (Record no. 213907)

MARC details
000 -LEADER
fixed length control field 00825nam a22001937a 4500
005 - DATE AND TIME OF LATEST TRANSACTION
control field 20251211105157.0
010 ## - LCCN (DPL NO)
LC control number HIN-130609
020 ## - INTERNATIONAL STANDARD BOOK NUMBER
Terms of availability 250.00
International Standard Book Number 9789389688467
035 ## - SYSTEM CONTROL NUMBER
System control number HN-102955
037 ## - SOURCE OF ACQUISITION
Source of stock number/acquisition DBAD
082 ## - DEWEY DECIMAL CLASSIFICATION NUMBER
Classification number 610
Edition number 1
100 ## - MAIN ENTRY--PERSONAL NAME
Personal name त्रिपाठी, ए. के
245 ## - TITLE STATEMENT
Title प्लातेलेट्स की कमी:
Remainder of title भ्रांतियां एवं समाधान/
Statement of responsibility, etc ए. के त्रिपाठी
250 ## - EDITION STATEMENT
Edition statement 1
260 ## - PUBLICATION, DISTRIBUTION, ETC. (IMPRINT)
Place of publication, distribution, etc New Delhi
Name of publisher, distributor, etc CBS Publishers & Distributors Pvt Ltd
Date of publication, distribution, etc 2018
270 ## - ADDRESS
City New Delhi
Address 4819/XI, Prahlad Street, 24 Ansari Road Darya Ganj
Postal code 110002
Telephone number 011-23289259
-- 011-23266861
-- 011-23266867
Fax number 011-23243014
300 ## - PHYSICAL DESCRIPTION
Extent 47पृ.
Dimensions 22सेमी साजिल्द)
942 ## - ADDED ENTRY ELEMENTS (KOHA)
Source of classification or shelving scheme Dewey Decimal Classification
Item type Hindi Books
Call number suffix त्रिपाठी
Classification part 610
Holdings
Withdrawn status Lost status Not for loan Collection code Home library Current library Date acquired Source of acquisition Cost, normal purchase price Full call number Barcode Copy number Cost, replacement price Koha item type
      Non-fiction Sarojini Nagar Sarojini Nagar 11/12/2025 Delivery of Books Act Division 250.00 त्रिपाठी 610 HN-102955 1 250.00 Hindi Books

© Delhi Public Library
Hit Counter
free hit counter